Statistics for Countries with Ferrari Stores

Click here to take the quiz!

General Stats

  • This quiz has been taken 150 times
    (34 since last reset)
  • The average score is 45 of 63

Answer Stats

ContinentCountry% Correct
AsiaChina
93%
North AmericaMexico
93%
EuropeUnited Kingdom
93%
North AmericaUnited States of America
93%
OceaniaAustralia
89%
South AmericaBrazil
89%
North AmericaCanada
89%
AsiaJapan
89%
EuropeSpain
89%
South AmericaArgentina
85%
EuropeFrance
85%
EuropeItaly
85%
EuropePoland
85%
EuropePortugal
85%
EuropeSweden
85%
EuropeAustria
81%
South AmericaChile
81%
EuropeFinland
81%
AsiaIndia
81%
OceaniaNew Zealand
81%
EuropeNorway
81%
Asia/ EuropeRussia
81%
Asia/ EuropeTurkey
81%
AsiaUnited Arab Emirates
81%
EuropeBelgium
78%
EuropeDenmark
78%
AfricaEgypt
78%
EuropeGermany
78%
AsiaIndonesia
78%
AfricaSouth Africa
78%
AsiaSouth Korea
78%
South AmericaColombia
74%
AfricaMorocco
74%
AsiaSaudi Arabia
74%
AsiaSingapore
74%
Europethe Netherlands
74%
EuropeCzech Republic
70%
EuropeGreece
70%
EuropeHungary
70%
AsiaQatar
70%
AsiaKuwait
67%
EuropeMonaco
67%
EuropeSwitzerland
67%
AsiaTaiwan
67%
AsiaThailand
67%
AsiaOman
63%
AsiaVietnam
63%
AsiaBahrain
59%
AsiaMalaysia
59%
North AmericaPanama
59%
South AmericaVenezuela
59%
AsiaIsrael
56%
EuropeLuxembourg
56%
EuropeBulgaria
52%
EuropeRomania
52%
Asiathe Philippines
52%
North AmericaDominican Republic
48%
EuropeSan Marino
48%
AsiaAzerbaijan
44%
EuropeCyprus
44%
AsiaLebanon
41%
AfricaEthiopia
30%
AfricaMauritius
22%

Score Distribution

Percentile by Number Answered

Percent of People with Each Score

Your Score History

You have not taken this quiz since the last reset